[Event "ROM-ch U12"]
[Site "Calimanesti Caciulata"]
[Date "2019.04.19"]
[Round "6"]
[White "Neagu, Alex Madalin"]
[Black "Grosu, Albert Constantin"]
[Result "0-1"]
[WhiteElo "1001"]
[BlackElo "1138"]
[PlyCount "112"]
[EventDate "2019.04.15"]
[EventType "swiss"]
[EventRounds "9"]
[EventCountry "ROU"]
[SourceTitle "CBM 190 Extra"]
[Source "ChessBase"]
[SourceDate "2019.07.15"]
[SourceVersion "1"]
[SourceVersionDate "2019.07.15"]
[SourceQuality "1"]

1. e4 d5 2. exd5 Qxd5 3. Nc3 Qa5 4. Nf3 Nf6 5. Bc4 Bg4 6. h3 Bh5 7. g4 Bg6 8. d3 c6 9. Bf4 h6 10. Ne5 Nbd7 11. Nxg6 fxg6 12. Qd2 e5 13. Bg3 0-0-0 14. a3 Qc7 15. 0-0-0 Bd6 16. Rde1 Rhf8 17. Ne4 Nxe4 18. Rxe4 Rde8 19. Rhe1 Bc5 20. c3 Bd6 21. d4 Nf6 22. R4e3 exd4 23. Rxe8+ Rxe8 24. Rxe8+ Nxe8 25. Bxd6 Nxd6 26. Bb3 dxc3 27. Qxc3 Qd7 28. Bc2 Qe7 29. Bxg6 Qg5+ 30. Qd2 Qxg6 31. Kd1 Qb1+ 32. Ke2 Nc4 33. Qc3 Qxb2+ 34. Qxb2 Nxb2 35. Kd2 Nc4+ 36. Kc3 Nd6 37. Kd4 Nb5+ 38. Ke5 Kd7 39. a4 Nc7 40. Kf5 Ne8 41. Kg6 Ke7 42. f4 c5 43. g5 Kf8 44. gxh6 gxh6 45. Kxh6 c4 46. f5 c3 47. Kg6 c2 48. f6 c1Q 49. f7 Nd6 50. h4 Nxf7 51. h5 Qc6+ 52. Kf5 Qh6 53. Kg4 Ne5+ 54. Kh4 Nd7 55. Kg4 Nf6+ 56. Kh4 Qxh5+ 0-1

[Event "ROM-ch U12"]
[Site "Calimanesti Caciulata"]
[Date "2019.04.17"]
[Round "3"]
[White "Bogdan, Radu Mihai"]
[Black "Neagu, Alex Madalin"]
[Result "0-1"]
[WhiteElo "1001"]
[BlackElo "1001"]
[PlyCount "112"]
[EventDate "2019.04.15"]
[EventType "swiss"]
[EventRounds "9"]
[EventCountry "ROU"]
[SourceTitle "CBM 190 Extra"]
[Source "ChessBase"]
[SourceDate "2019.07.15"]
[SourceVersion "1"]
[SourceVersionDate "2019.07.15"]
[SourceQuality "1"]

1. d4 d5 2. c4 Nf6 3. Nf3 Bf5 4. Nc3 Nc6 5. Bf4 e6 6. a3 Ne4 7. e3 Nxc3 8. bxc3 dxc4 9. Bxc4 Na5 10. Qa4+ c6 11. Ba2 b5 12. Qd1 Bxa3 13. 0-0 0-0 14. Bb3 Nxb3 15. Rxa3 Na5 16. h3 Nc4 17. Ra2 Qd5 18. Re2 f6 19. e4 Bxe4 20. Rfe1 Bxf3 21. gxf3 Qxf3 22. Bg3 e5 23. Qb3 Kh8 24. Bh2 exd4 25. Qb4 Kg8 26. cxd4 Qa3 27. Qc5 Qxc5 28. dxc5 a5 29. Re6 a4 30. Rxc6 a3 31. Rce6 a2 32. Ra1 Nd2 33. Re2 Nf3+ 34. Kg2 Nxh2 35. Kxh2 Rfc8 36. Raxa2 Rxa2 37. Rxa2 Rxc5 38. Ra8+ Kf7 39. Ra5 g5 40. Kg3 h5 41. f4 Kg6 42. fxg5 Kxg5 43. h4+ Kf5 44. Ra6 b4 45. Rb6 Rc3+ 46. Kf2 b3 47. Ke2 Kg4 48. Rb4+ Kg3 49. Kd2 Rf3 50. Ke2 Rf2+ 51. Ke1 b2 52. Rb3+ Kg2 53. Kd1 Rf1+ 54. Kc2 b1Q+ 55. Rxb1 Rxb1 56. Kxb1 f5 0-1